000 00603nam a2200229Ia 4500
003 OSt
005 20220928144911.0
006 a|||||r|||| 00| 0
007 ta
008 220927b |||||||| |||| 00| 0 eng d
024 _a76806
037 _cTextual
040 _aSDCL
_cSDCL
_beng
041 _2eng
_aeng
082 _aX:991.2'P, P5
100 _aDebroy Bibek Ed.
_9371295
245 0 _aReforming the labour market.
260 _c2005
700 _a Kaushik P D Ed.
_9510262
942 _hX:991.2'P, P5
_cTEXL
_2CC
999 _c830324
_d830324